000 00988nam a2200229 i 4500
001 187328
003 SpMaBN
005 20251010164857.0
008 170602s1928 sp af |||| | spa d
080 _a615.8
245 0 0 _aTerapéutica física.
_nI /
_ccon un prefacio del prof. Luis Devoto ; traducción española del dr. D. Jaime Pí Suñer Bayo ; con prólogo y aditamentos por los doctores Hipólito R. Pinilla y Antonio Piga ; colaboradores, Alberto Botti ... [et al.].
260 _aBarcelona :
_bA. Wassermann,
_c1928.
300 _a1 v. (632 p., [6] h. de lám.) :
_bil. ;
_c18 cm.
500 _aÍndices.
505 8 _aContiene: t. I
650 7 _aFisioterapia.
_9140466
700 1 _aPi-Sunyer Bayo, Jaume.
_991724
700 1 _aRodríguez Pinilla, Hipólito,
_d1860-1936
_998733
700 1 _aPiga y Pascual, Antonio.
_991988
852 _aES-MaACL
_jL-31680
_z- enc. cart.
_z. - Donat. herederos de la bibl. de Mª del Pilar Costa Palacín
999 _c187328
_d187328